| 000 | 00604nam a22002177a 4500 | ||
|---|---|---|---|
| 003 | OSt | ||
| 005 | 20260617152120.0 | ||
| 008 | 260617b |||||||| |||| 00| 0 eng d | ||
| 020 | _a395985838 | ||
| 040 | _cChuka University Library | ||
| 050 | _aQD 31.2 .Z86 2000 | ||
| 100 |
_aZumdahl Steven S. _91231 |
||
| 245 | _aChemistry | ||
| 250 | _a5th Ed. | ||
| 260 |
_aBoston _bHoughton Mifflin Company _c2000 |
||
| 300 |
_aVarious Pages _bColoured Illustrations |
||
| 650 |
_aChemistry _9144 |
||
| 650 |
_aChemical Principles _929569 |
||
| 650 |
_aMolecular Structure _928223 |
||
| 942 |
_2lcc _cBK _n0 |
||
| 999 |
_c24608 _d24608 |
||